United States Quiz (2 min sprint) - Statistics

General Stats
  • This quiz has been taken 8 times
  • The average score is 31 of 50
Answers on the Map
Answers color-coded by a green-red scale on the quiz's map according to % correct below.
 
Answer Stats
Answer % Correct
Alaska
100%
Arizona
100%
California
100%
Colorado
100%
Florida
100%
Georgia
100%
Hawaii
100%
Kansas
100%
Maine
100%
Massachusetts
100%
New Jersey
100%
New York
100%
North Carolina
100%
Ohio
100%
Oklahoma
100%
Pennsylvania
100%
Texas
100%
Vermont
100%
Virginia
100%
Washington
100%
Illinois
83%
Indiana
83%
Michigan
83%
Oregon
83%
Maryland
67%
Alabama
50%
Louisiana
50%
Minnesota
50%
Missouri
50%
Montana
50%
Tennessee
50%
Utah
50%
Kentucky
33%
Nevada
33%
New Mexico
33%
South Carolina
33%
Arkansas
17%
Idaho
17%
Iowa
17%
Mississippi
17%
Nebraska
17%
New Hampshire
17%
North Dakota
17%
Rhode Island
17%
South Dakota
17%
Wisconsin
17%
Wyoming
17%
Conneticuit
0%
Deleware
0%
West Virginia
0%
No matching quizzes found
Score Distribution
Percent of People with Each Score
Percentile by Number Answered
Your Score History
You have not taken this quiz